|
|
|
|
| LEADER |
00981nam a2200241 a 4500 |
| 001 |
GR-Patra21988 |
| 008 |
070627s1999 enk g b 001 0 eng d |
| 020 |
|
|
|a 0521005337
|
| 040 |
|
|
|a GrPaTEI
|b gre
|c GR-PaULI
|
| 040 |
|
|
|a GrPaTEI
|b gre
|c GR-PaULI
|
| 082 |
|
0 |
|a 620.193
|2 21
|
| 100 |
1 |
|
|a Harris, Peter J.
|
| 245 |
1 |
0 |
|a Carbon nanotubes and related structures :
|b new materials for the twenty-first century /
|c Peter J. F. Harris.
|
| 260 |
|
|
|a Cambridge :
|b Cambridge University Press,
|c c1999
|
| 300 |
|
|
|a xiii, 279 σ. :
|b εικ.
|
| 504 |
|
|
|a Περιλαμβάνει βιβλιογραφίες και ευρετήριο.
|
| 650 |
|
0 |
|a Carbon
|
| 650 |
|
0 |
|a Nanostructured materials
|
| 650 |
|
0 |
|a Tubes
|
| 942 |
|
|
|2 ddc
|
| 952 |
|
|
|0 0
|1 0
|2 ddc
|4 0
|6 620_193000000000000_HAR
|7 0
|9 302297
|a LISK
|b LISK
|c BSC
|d 2021-01-17
|e 24
|f 0
|g 0.00
|l 0
|o 620.193 HAR
|p 92410031823
|r 2021-01-17 00:00:00
|t 1
|w 2021-01-17
|y BK15
|x 20070627 0 1
|x GrPaTEI
|
| 971 |
|
|
|a .b26695613
|b 15-04-20
|c 26-09-16
|
| 999 |
|
|
|c 175670
|d 175670
|